{"text_format":"3","workbook":"xls","n_sheets":3,"sheets":["mt6763","NAND","emmc_region"],"not_rendered":{"external_links":1},"read":"whole","date_system":"1900","formulas":"cached_only"}

{"sheet":"mt6763","index":0,"n_rows":11,"n_cols":60,"rows_kept":11,"merged":[[0,0,2,0],[0,1,2,1],[0,2,2,2],[0,3,2,3],[0,4,2,4],[0,5,2,5],[0,6,2,6],[0,7,2,7],[0,8,2,8],[0,9,1,59]],"flags":["formulas_cached_only"]}
["Vendor","Part Number","Type","Mode","Density (Mb)","Board ID","NAND/eMMC ID","FW ID","Nand Page Size (B)","MT6763"]
[]
[{"$nulls":9},"CONA_VAL","CHN0_CONA_VAL","CHN1_CONA_VAL","CONF_VAL","CONH_VAL","FREQUENCY","TRAS","TRP","TRPAB","TRC","TRFC","TRFCPB","TXP","TRTP","TRCD","TWR","TWTR","TRRD","TFAW","TRTW_ODT_OFF","TRTW_ODT_ON","REFCNT","REFCNT_FR_CLK","TXREFCNT","TZQCS","TRTPD","TWTPD","TMRR2W_ODT_OFF","TMRR2W_ODT_ON","CHIP_ID","TRAS_05T","TRP_05T","TRPAB_05T","TRC_05T","TRFC_05T ","TRFCPB_05T","TXP_05T","TRTP_05T","TRCD_05T","TWR_05T","TWTR_05T","TRRD_05T","TFAW_05T","TRTW_ODT_OFF_05T","TRTW_ODT_ON_05T","TRTPD_05T ","TWTPD_05T ","TMRR2W_ODT_OFF_05T ","TMRR2W_ODT_ON_05T ","MODE_REG5","PIN_MUX_TYPE"]
["Hynix ","H9HQ52ACPMMDAR","MCP(UFS+LPDR4X)","R0_NORMAL+R1_NORMAL","16384+16384","MT6763_EVB","0x483238553734333031414D52",null,null,"0xf053f154","0x0400F051","0x0400F051","0x00421000","0x00000003",1600,8,5,1,16,100,44,1,2,6,12,7,2,7,6,9,97,101,119,34,12,12,9,11,"mt6763",1,1,0,1,0,0,0,1,1,1,0,0,0,0,0,0,1,0,0,"0x00000006",0]
["Hynix ","H9HQ52ACPMMDAR","MCP(UFS+LPDR4X)","R0_NORMAL+R1_NORMAL","16384+16384","MT6763_EVB","0x4839485135324143",null,null,"0xf053f154","0x0400F051","0x0400F051","0x00421000","0x00000003",1600,8,5,1,16,100,44,1,2,6,12,7,2,7,6,9,97,101,119,34,12,12,9,11,"mt6763",1,1,0,1,0,0,0,1,1,1,0,0,0,0,0,0,1,0,0,"0x00000006",0]
["Hynix ","H9HP26ACPMMDAR","MCP(eMMC+LPDR4X)","R0_NORMAL+R1_NORMAL","16384+16384","MT6763_EVB","0x90014A484247346132",null,null,"0xf053f154","0x0400F051","0x0400F051","0x00421000","0x00000003",1600,8,5,1,16,100,44,1,2,6,12,7,2,7,6,9,97,101,119,34,12,12,9,11,"mt6763",1,1,0,1,0,0,0,1,1,1,0,0,0,0,0,0,1,0,0,"0x00000006",0]
["Hynix ","H9TQ17ABJTBCUR","MCP(eMMC+LPDDR3)","R0_NORMAL+R1_NORMAL","8192+8192","MT6763_EVB","0x90014A484147346132",null,null,"0xa053a056","0x0000a053","0x0000a053","0x00000000","0x00000003",933,11,6,1,20,86,30,0,2,7,12,7,3,14,6,6,112,101,101,41,10,11,8,10,"mt6763",0,1,1,1,0,0,1,1,1,1,0,0,1,1,1,0,0,0,0,"0x00000006",0]
["Samsung","KMRX60014M_B614","MCP(eMMC+LPDDR3)","R0_NORMAL+R1_NORMAL","16384+16384","MT6763_EVB","0x150100525836344D42",null,null,"0xa0a3a0a6","0x0088a0a3","0x0088a0a3","0x04210000","0x88880003",933,11,6,1,20,86,30,0,2,7,12,7,3,14,6,6,112,101,101,41,10,11,0,0,"mt6763",0,1,1,1,0,0,1,1,1,1,0,0,1,1,1,0,0,0,0,"0x00000001",0]
["Foresee","NCEPQCAM5_3216","MCP(eMMC+LPDDR4)","R0_NORMAL+R1_NORMAL","8192+8192","MT6763_EVB","0x880103534C44333262",null,null,"0xA053A154","0x0422A051","0x0422A051","0x00421000","0x22220003",1600,8,5,1,16,100,44,1,2,6,12,7,2,7,6,9,97,101,119,34,12,12,9,11,"mt6763",1,1,0,1,0,0,0,1,1,1,0,0,0,0,0,0,1,0,0,"0x000000FF",0]
["Foresee","NCEPRCAM6_3216","MCP(eMMC+LPDDR4)","R0_NORMAL+R1_NORMAL",16384,"MT6763_EVB","0x880103534c44333266",null,null,"0xF050F154","0x404F050","0x404F050","0x00421000","0x4040003",1600,8,5,1,16,100,44,1,2,6,12,7,2,7,6,9,97,101,119,34,12,12,9,11,"mt6763",1,1,0,1,0,0,0,1,1,1,0,0,0,0,0,0,1,0,0,"0x000000FF",0]
["Micron","MT29VZZZ7D8DQFSL","MCP(eMMC+LPDR4X)","R0_NORMAL+R1_NORMAL",24576,"MT6763_EVB","0x13014E53304A394A38",null,null,"0xC150C154","0x406C054","0x406C054","0x00421000","0x6060013",1600,8,5,1,16,100,44,1,2,6,12,7,2,7,6,9,97,101,119,34,12,12,9,11,"mt6763",1,1,0,1,0,0,0,1,1,1,0,0,0,0,0,0,1,0,0,"0x000000FF",0]

{"sheet":"NAND","index":1,"n_rows":6,"n_cols":12,"rows_kept":6,"flags":["formulas_cached_only"]}
["Vendor","Part_Number","Nand_ID","AddrCycle","IOWidth","TotalSize_MB","BlockSize_KB","PageSize_B","SpareSize_B","Timing","CacheRead","RandomRead"]
["ELPIDA","EHD013151MA_50","0x20BC105554",5,16,512,128,2048,64,"0x1123","NO","NO"]
["Samsung","K524G2GACB_A050","0xECBC005554",5,16,512,128,2048,64,"0x1123","NO","NO"]
["Micron","MT29C4G96MAZAPCJA_5IT","0x2CBC905556",5,16,512,128,2048,64,"0x21044333","NO","NO"]
["Samsung","KA100O015E_BJTT","0xECBC006656",5,16,512,256,4096,128,"0x21044333","NO","YES"]
["Hynix","H9DA4GH4JJAMCR_4EM","0xADBC905554",5,16,512,128,2048,64,"0x10801011","NO","NO"]

{"sheet":"emmc_region","index":2,"n_rows":13,"n_cols":11,"rows_kept":13,"flags":["formulas_cached_only"]}
["Part Number","Vendor","Boot1(KB)","Boot2(KB)","RPMB(KB)","GP1","GP2","GP3","GP4","User(KB)","TotalSize(MB)"]
["H9DP32A4JJMCGR","Hynix",2048,2048,2048,0,0,0,0,3778560,3696]
["H9TP33A8LDMCMR","Hynix",2048,2048,2048,0,0,0,0,3524608,3448]
["H9TP32A4GDMCPR","Hynix",2048,2048,2048,0,0,0,0,3778560,3696]
["H9TP32A8JDACPR_KGM","Hynix",2048,2048,2048,0,0,0,0,3778560,3696]
["H9TQ65A8JTMCUR_KTM ","Hynix",4096,4096,4096,0,0,0,0,7634944,7468]
["KMSJS000KM_B308","Samsung",1024,1024,128,0,0,0,0,3817472,3730.125]
["KMNJS000ZM_B205","Samsung",1024,1024,128,0,0,0,0,3815296,3728]
["KMJJS000WM_B409","Samsung",1024,1024,128,0,0,0,0,3817472,3730.125]
["KMKLL000UM_B406","Samsung",512,512,128,0,0,0,0,3906432,3816]
["KMKJS000VM_B309","Samsung",1024,1024,128,0,0,0,0,3815296,3728]
["MT29KZZZ4D4TGFAK_5W","Micron",2048,2048,2048,{"$nulls":4},3900000]
["END"]